Network-on-Chip (Record no. 7797)

MARC details
000 -LEADER
fixed length control field 00745nam a2200121Ia 4500
008 - FIXED-LENGTH DATA ELEMENTS--GENERAL INFORMATION
fixed length control field 220615s9999||||xx |||||||||||||| ||und||
100 ## - MAIN ENTRY--PERSONAL NAME
Personal name Kundu, Santanu||Chattopadhyay, Santanu
245 #0 - TITLE STATEMENT
Title Network-on-Chip
Remainder of title The Next Generation of System-on-Chip Integration
546 ## - LANGUAGE NOTE
Language note English[eng]
650 ## - SUBJECT ADDED ENTRY--TOPICAL TERM
Topical term or geographic name entry element Circuits and Devices||Microelectronics||Computer Engineering||ENG||ElectricalEngineering||SCI-TECH||COMPUTERSCIENCE||INFORMATIONSCIENCE||STM||Architecture Design of Network – on- Chip||Evolution of NoC Architectures||Interconnection Networks in NoC||Reconfigurable Network-on-Chip Design||Santanu Chattopadhyay||Application Mapping on NoC
856 ## - ELECTRONIC LOCATION AND ACCESS
Uniform Resource Identifier <a href="https://library.oapen.org/bitstream/20.500.12657/41758/4/9781466565265.pdf">https://library.oapen.org/bitstream/20.500.12657/41758/4/9781466565265.pdf</a>
942 ## - ADDED ENTRY ELEMENTS (KOHA)
Koha item type E-Books
Holdings
Withdrawn status Lost status Damaged status Not for loan Home library Current library Date acquired Total Checkouts Date last seen Price effective from Koha item type
        Kerala University of Digital Sciences, Innovation and Technology Knowledge Centre Kerala University of Digital Sciences, Innovation and Technology Knowledge Centre 15/06/2022   15/06/2022 15/06/2022 E-Books